| 000 | 00403nam a2200145 4500 | ||
|---|---|---|---|
| 005 | 20150123111225.0 | ||
| 008 | 150123b xxu||||| |||| 00| 0 eng d | ||
| 022 | _a0975-797X | ||
| 040 | _adpl | ||
| 245 | 0 | 4 | _aResearch Bulletin |
| 260 |
_aPunjab _bVishveshvaranand Vedic Research Institute |
||
| 300 |
_av. _b21cm. |
||
| 270 |
_aP.O.Sadhu Ashram,Hoshiarpur _bPunjab _dIndia _e146021 |
||
| 942 |
_2ddc _cSR _s1 |
||
| 999 |
_c91016 _d91016 |
||